All 1M+ Cities in the United States on a Map - Statistics

General Stats
  • This quiz has been taken 124 times
    84 since last reset
  • The average score is 8 of 9
Answers on the Map
Answers color-coded by a green-red scale on the quiz's map according to % correct below.
 
Answer Stats
State Population City % Correct
TX 2,302,878 Houston
99%
IL 2,665,039 Chicago
97%
CA 3,822,238 Los Angeles
97%
NY 8,335,897 New York
97%
TX 1,299,544 Dallas
93%
CA 1,381,162 San Diego
88%
PA 1,564,258 Philadelphia
87%
AZ 1,644,409 Phoenix
87%
TX 1,472,909 San Antonio
81%
No matching quizzes found
Score Distribution
Percent of People with Each Score
Percentile by Number Answered
Your Score History
You have not taken this quiz since the last reset